Catálogo
 En Linea

La sentencia : (Registro nro. 49535)

Detalles MARC
000 -CABECERA
campo de control de longitud fija 00825nam a22002537a 4500
003 - IDENTIFICADOR DEL NÚMERO DE CONTROL
campo de control OSt
005 - FECHA Y HORA DE LA ÚLTIMA TRANSACCIÓN
campo de control 20240704115503.0
007 - CAMPO FIJO DE DESCRIPCIÓN FÍSICA--INFORMACIÓN GENERAL
campo de control de longitud fija ta
008 - DATOS DE LONGITUD FIJA--INFORMACIÓN GENERAL
campo de control de longitud fija 210310b 2020 dr f 00| 0 eng d
020 ## - NÚMERO INTERNACIONAL ESTÁNDAR DEL LIBRO
Número Internacional Estándar del Libro 9789945220612
040 ## - FUENTE DE LA CATALOGACIÓN
Centro catalogador/agencia de origen DO-SdBNP
Lengua de catalogación spa
Centro/agencia transcriptor BNPHU
082 74 - NÚMERO DE LA CLASIFICACIÓN DECIMAL DEWEY
Número de edición 22
Número de clasificación RD863.5
Número de documento/Ítem G934s
100 1# - ENTRADA PRINCIPAL--NOMBRE DE PERSONA
Nombre de persona Guerrero, Laureano,
Fechas asociadas al nombre 1952-
9 (RLIN) 77343
245 13 - MENCIÓN DE TÍTULO
Título La sentencia :
Resto del título novela /
Mención de responsabilidad, etc. Laureano Guerrero Sánchez ; prólogo Juan Hernández Inirio.
250 ## - MENCIÓN DE EDICIÓN
Mención de edición 2da. ed.
260 ## - PUBLICACIÓN, DISTRIBUCIÓN, ETC.
Lugar de publicación, distribución, etc. Santo Domingo :
Nombre del editor, distribuidor, etc. Búho,
Fecha de publicación, distribución, etc. 2020
300 ## - DESCRIPCIÓN FÍSICA
Extensión 190 p. ;
Dimensiones 23 cm.
500 ## - NOTA GENERAL
Nota general Incluye datos biográficos del autor en la solapa de la cubierta.
650 #0 - PUNTO DE ACCESO ADICIONAL DE MATERIA--TÉRMINO DE MATERIA
9 (RLIN) 29128
Término de materia o nombre geográfico como elemento de entrada Novelas dominicanas
650 #0 - PUNTO DE ACCESO ADICIONAL DE MATERIA--TÉRMINO DE MATERIA
Término de materia o nombre geográfico como elemento de entrada Literatura dominicana.
9 (RLIN) 67
700 12 - PUNTO DE ACCESO ADICIONAL--NOMBRE DE PERSONA
Nombre de persona Inirio, Juan
Fechas asociadas al nombre 1991
Término indicativo de función/relación prólogo
9 (RLIN) 85187
910 ## - DATOS DE OPCIÓN DEL USUARIO (OCLC)
Datos de opción del usuario LPEREZ.Validado. Control de calidad. MAA
942 ## - ELEMENTOS DE PUNTO DE ACCESO ADICIONAL (KOHA)
Fuente del sistema de clasificación o colocación Dewey Decimal Classification
Tipo de ítem Koha Libro
Existencias
Estado de retiro Estado de pérdida Fuente del sistema de clasificación o colocación Restricciones de uso No para préstamo Código de colección Localización permanente Ubicación/localización actual Ubicación en estantería Fecha de adquisición Fuente de adquisición Total de préstamos Signatura topográfica completa Código de barras Fecha visto por última vez Precio válido a partir de Tipo de ítem Koha Número de copia
    Dewey Decimal Classification Préstamo en sala   Monografías: Libros y Folletos Biblioteca Nacional Pedro Henríquez Ureña General Depósito 10.03.2021 Depósito Legal   BNPHU DS RD863.5 G934s 2020 2021-0750 10.03.2021 10.03.2021 Libro e. 3
    Dewey Decimal Classification Excluido de préstamo Excluido de préstamo Monografías: Libros y Folletos Biblioteca Nacional Pedro Henríquez Ureña Patrimonio Dominicano Depósito 10.03.2021 Depósito Legal   BNPHU PD RD863.5 G934s 2020 2021-0748 10.03.2021 10.03.2021 Libro  
    Dewey Decimal Classification Excluido de préstamo Préstamo restrigido Monografías: Libros y Folletos Biblioteca Nacional Pedro Henríquez Ureña Patrimonio Dominicano Depósito 10.03.2021 Depósito Legal   BNPHU PD RD863.5 G934s 2020 2021-0749 10.03.2021 10.03.2021 Libro e. 2

Con tecnología Koha